| 000 | 00413nam a2200169Ia 4500 | ||
|---|---|---|---|
| 008 | 230524s9999 xx 000 0 und d | ||
| 082 |
_a658.3 _bMAM |
||
| 100 | _aC.B.Mamoria | ||
| 245 | 0 | _aPersonal Management : Text & Cases | |
| 250 | _a24TH | ||
| 260 |
_aNEW DELHI _bHimalaya _c2004 |
||
| 300 | _aXXIV;932 | ||
| 500 | _aQuantity Number: 52 | ||
| 650 | _aManagement | ||
| 700 | _a S.V.Gankar | ||
| 942 | _cBK | ||
| 999 |
_c19770 _d19770 |
||